000 00831pam a2200253 a 4500
001 1637020
003 ARRUPE
005 20130925112839.0
008 960926s1996 mou 000 0 eng
010 _a 96046594
020 _a1556129084 (alk. paper)
040 _aDLC
_cDLC
_dDLC
050 0 0 _aBV4630
_b.K44 1996
100 1 _aKeenan, James F.
_91211
245 1 0 _aVirtues for ordinary Christians /
_cJames F. Keenan.
260 _aKansas City, MO :
_bSheed & Ward,
_cc1996.
300 _aviii, 140 p. ;
_c22 cm.
500 _a"A church book."
650 0 _aVirtues.
_91212
650 0 _aChristian ethics
_xCatholic authors.
_91213
906 _a7
_bcbc
_corignew
_d1
_eocip
_f19
_gy-gencatlg
942 _2lcc
_cMONOGRAPH
999 _c118032
_d118032